000 00336nam a2200121Ia 4500
008 240624s9999 xx 000 0 und d
041 _aeng
082 _a658.5 ASK
100 _aASKIN RONALD G
245 _aDESIGN AND ANALYSIS OF LEAN PRODUCTION S
260 _c2003
_aNew Delhi
_bJohn Wiley and Sons
300 _axiv, : 533 : p. : cm. ; 24
999 _c8730
_d8730